Lengua española 5 / (Record no. 335)
[ view plain ]
| 000 -CABECERA | |
|---|---|
| campo de control de longitud fija | 00919nam a2200217 a 4500 |
| 001 - NÚMERO DE CONTROL | |
| campo de control | 000000336 |
| 005 - FECHA Y HORA DE LA ÚLTIMA TRANSACCIÓN | |
| campo de control | 20200929145326.0 |
| 008 - DATOS DE LONGITUD FIJA--INFORMACIÓN GENERAL | |
| campo de control de longitud fija | 081126s2006 dr ac 001 0 spa d |
| 020 ## - NÚMERO INTERNACIONAL ESTÁNDAR DEL LIBRO | |
| Número Internacional Estándar del Libro | 9945426494 |
| 020 ## - NÚMERO INTERNACIONAL ESTÁNDAR DEL LIBRO | |
| Número Internacional Estándar del Libro | 9789945426496 |
| 040 ## - FUENTE DE LA CATALOGACIÓN | |
| Centro catalogador/agencia de origen | DO-SdBNP |
| Lengua de catalogación | spa |
| Centro/agencia transcriptor | BNPHU |
| 082 ## - NÚMERO DE LA CLASIFICACIÓN DECIMAL DEWEY | |
| Número de clasificación | 460 |
| Número de documento/Ítem | P644l5 |
| 100 1# - ENTRADA PRINCIPAL--NOMBRE DE PERSONA | |
| Nombre de persona | Pimentel, Jacqueline |
| 9 (RLIN) | 1139 |
| 245 10 - MENCIÓN DE TÍTULO | |
| Título | Lengua española 5 / |
| Mención de responsabilidad, etc. | Jacqueline Pimentel, Julieta Pinasco. |
| 260 ## - PUBLICACIÓN, DISTRIBUCIÓN, ETC. | |
| Lugar de publicación, distribución, etc. | Santo Domingo : |
| Nombre del editor, distribuidor, etc. | SM, |
| Fecha de publicación, distribución, etc. | 2006. |
| 300 ## - DESCRIPCIÓN FÍSICA | |
| Extensión | 165 p. : |
| Otras características físicas | il., retrs. ; |
| Dimensiones | 28 cm. |
| 500 ## - NOTA GENERAL | |
| Nota general | A la cabeza el título. Proyecto mundo abierto |
| 505 2# - NOTA DE CONTENIDO CON FORMATO | |
| Título | Hablando se entiende la gente -- |
| -- | Se abre el telón -- |
| -- | Choque de opiniones -- |
| -- | Poetas populares, decimeros -- |
| -- | Vendemos sueños -- |
| -- | Se vende, se compra, se busca -- |
| -- | Vida y obra -- |
| -- | Había una vez -- |
| -- | La ciguapa en el monte olímpico -- |
| -- | Y hay más informaciones. |
| 650 #4 - PUNTO DE ACCESO ADICIONAL DE MATERIA--TÉRMINO DE MATERIA | |
| Término de materia o nombre geográfico como elemento de entrada | Español |
| Subdivisión general | Libros de texto |
| 9 (RLIN) | 1133 |
| 700 1# - PUNTO DE ACCESO ADICIONAL--NOMBRE DE PERSONA | |
| Nombre de persona | Pinasco, Julieta |
| 9 (RLIN) | 1140 |
| Estado de retiro | Estado de pérdida | No para préstamo | Código de colección | Localización permanente | Ubicación/localización actual | Ubicación en estantería | Fecha de adquisición | Número de inventario | Total de préstamos | Signatura topográfica completa | Código de barras | Fecha visto por última vez | Precio válido a partir de | Tipo de ítem Koha |
|---|---|---|---|---|---|---|---|---|---|---|---|---|---|---|
| Préstamo restrigido | Patrimonio Dominicano | Biblioteca Nacional Pedro Henríquez Ureña | Biblioteca Nacional Pedro Henríquez Ureña | Depósito | 15.07.2009 | LF1 | 460 P644l5 | 336-10 | 25.06.2020 | 25.06.2020 | Libros y folletos |
